“Audite haec, omnes Gentes!”

Titel: “Audite haec, omnes Gentes!” : Melodies for the Polish Psalter by Mikołaj Gomółka to the Jan Kochanowski’s Psalter translation. A Polish and European work / Paulina Ceremużyńska, Fernando Reyes Ferrón
Verfasser:
Beteiligt:
In: Word of God, words of men, (2019), Seite 349-360
alle Artikel anzeigen
Veröffentlicht: 2019
Format: Aufsatz
Sprache: Englisch
Schlagworte:
Kein Bild verfügbar
X
alg: 54311553
001A    $03025:19-03-26 
001B    $03025:19-03-26 $t22:11:17.000 
001D    $03025:19-03-26 
001U    $0utf8 
001X    $00 
002@    $0Aou 
002C    $aText $btxt $2rdacontent 
002D    $aohne Hilfsmittel zu benutzen $bn $2rdamedia 
002E    $aBand $bnc $2rdacarrier 
003@    $0543115534 
010@    $aeng 
010E    $erda 
011@    $a2019 
021A    $a“Audite haec, omnes Gentes!” $dMelodies for the Polish Psalter by Mikołaj Gomółka to the Jan Kochanowski’s Psalter translation. A Polish and European work $hPaulina Ceremużyńska, Fernando Reyes Ferrón 
028A    $aCeremużyńska $dPaulina 
028C    $aReyes Ferrón $dFernando 
031A    $h349-360 $j2019 
039B    $aEnthalten in $8--Aax--. Word of God, words of men. - [1. edition]. - Göttingen : Vandenhoeck & Ruprecht, [2019]. - 381 Seiten. - Illustrationen, Diagramme. - ISBN 978-3-525-55277-3 $x201900000000000651 $9442140134 
045R    $aGeschichte 

lok: 54311553 78

exp: 54311553 78 1 #EPN
201B/01 $019-03-26 $t22:08:58.000 
201C/01 $019-03-26 
201U/01 $0utf8 
203@/01 $01337721514 
208@/01 $a19-03-26 $be 
209A/01 $a/ $f000 $x00 
209A/01 $ab*p $x01 
209S/01 $uhttps://doi.org/10.13109/9783666552779.349 $XVolltext 
220C/01 $apgar 
244Z/01 $#Generalgouvernement Polen $#Polska $#Rzeczpospolita Polska $#Polska Rzeczpospolita Ludowa $#Poland $#Pologne $#République Polonaise $#Generalne Gubernatorstwo w Polsce $#Polish People's Republic $#Polska Rzeczpospolita Polen $#PRL $#RP $#Polen Generalgouvernement $#Polska Generalgouvernement $#Besetzte Polnische Gebiete $#Besetztes Gebiet in Polen $#Okupowane Polskie Obszary $#Obszary Okupowane w Polsce $#Volksrepublik Polen $#Polska Rosyjska $#Republic Polen $#Respublika Pol'ša $#Pol'skaja Narodnaja Respublika $#République de Pologne $#Polen Links der Weichsel $#Polska po Lewej Stronie Wisły $#Lenkija $#Polija $#Gubernija Carstva Pol'skago $#Republik Polen $74046496-9 $8--Tg1--Polen $x01 $9085129801 
244Z/01 $#Litauen $#Litauen $#Litauen $#Lithuania $#Lietuvos Respublika $#République Lithuanienne $#Lithuanie $#Litva 1918 - 1940, 1991, 9 - $#Litovskaja Respublika $#Lithuania 1918 - 1940, 1991, 9 - $#Republik Litauen $#Republic of Lithuania $#Lithuanian Republic $#Litauische Republik $#Lietuva $#Litwa $74074266-0 $8--Tg1--Litauen $x10 $9085209074 
244Z/01 $#Electronic publications $#Publications électroniques $#Elektronische Publikation $#Elektronische Publikation $#Computerdatei Formschlagwort $#Datei Formschlagwort $#Elektronisches Dokument $#Magnetband Formschlagwort $#Magnetbandkassette Formschlagwort $#Elektronische Ressource $#Digitale Publikation $74514269-5 $8--Ts1--Elektronische Publikation $x21 $9089274407 
247C/01 $82080>Marburg/Lahn, Herder-Institut, Forschungsbibliothek, Bibliographieportal $9336309341
LEADER 00000naa a2200000 c 4500
001 543115534
003 DE-603
005 20260319221117.0
007 tu
008 260319s2019 xx |||| | u00||u|eng c
035 |a (DE-599)HEB543115534 
040 |a DE-603  |b ger  |c DE-603  |d DE-603  |e rda 
041 |a eng 
100 1 |a Ceremużyńska, Paulina 
245 0 0 |a “Audite haec, omnes Gentes!”  |b Melodies for the Polish Psalter by Mikołaj Gomółka to the Jan Kochanowski’s Psalter translation. A Polish and European work  |c Paulina Ceremużyńska, Fernando Reyes Ferrón 
264 0 |c 2019 
336 |a Text  |b txt  |2 rdacontent 
337 |a ohne Hilfsmittel zu benutzen  |b n  |2 rdamedia 
338 |a Band  |b nc  |2 rdacarrier 
648 7 |a Geschichte  |2 gnd 
700 1 |a Reyes Ferrón, Fernando 
773 0 8 |i Enthalten in  |t Word of God, words of men  |b [1. edition]  |d Göttingen : Vandenhoeck & Ruprecht, [2019]  |h 381 Seiten, Illustrationen, Diagramme  |z 9783525552773  |z 3525552777  |g (2019), Seite 349-360  |w (DE-603)442140134 
924 0 |9 2080  |a (DE-603)1337721514  |b DE-2080  |c HES  |d d  |g /  |k https://doi.org/10.13109/9783666552779.349